00486nam a2200157Ia 4500003000900000008004100009020002200050040001600072080001900088100001500107245010700122260003800229300001700267650002400284650002000308IN-BaIIA211028s9999 xx 000 0 eng d a978-0-07-058557-7 cIIA Library a533.9:621bJOH aJohn, P. I 0aPlasma sciences and the creation of wealthcP. I. John  aNew DelhibTata McGraw-Hillc2005 axviii, 469p. aPlasma oscillations aPlasma sciences